Music Quiz

Random Music or Song Quiz
Score 0/50 Timer 06:00
8 Plays Today
% Correct
River
87.6%
Stop
82.6%
Love
80.4%
Bring
79.6%
Bless
79.3%
Life
76.7%
Said
76.2%
Lifestyles
75.7%
Body
75.3%
Independent
75.1%
When
71.6%
One
69.9%
Force
69.7%
Want
67.3%
Hold
65.6%
Happy
64%
Angels
63.8%
Baby
61.9%
Questions
61.4%
Flying
61%
Breathe
59.3%
Jeans
59.2%
Boys
58.7%
Portrait
57.6%
Right
57.1%
% Correct
Moment
54%
Heaven
52.8%
Magic
52.6%
Lonely
50.6%
Low
49.4%
Busy
48.8%
Leave
47.1%
Drift
45.9%
Rock
45.2%
Change
39.8%
Remedy
39%
Like
38.7%
Woman
38.4%
Stand
37.7%
Down
37%
Dying
36%
Act
33.4%
Night
28.3%
Into
27.4%
Hook
26.1%
Gossip
25.5%
Try
22.9%
Step
22.9%
Stunt
22%
Gone
21.8%

You're not logged in!

Compare scores with friends on all Sporcle quizzes.
OR
Log In

Sporcle TV

Today on Sporcle TV


Watch our educational content, quiz creation guides, and fun videos on Sporcle TV.

Show Comments

Extras

Top Quizzes Today


Score Distribution

Paid Content

Your Account Isn't Verified!

In order to create a playlist on Sporcle, you need to verify the email address you used during registration. Go to your Sporcle Settings to finish the process.

Report this User

Report this user for behavior that violates our Community Guidelines.

Details: